| 000 | 00673nam a2200253Ia 4500 | ||
|---|---|---|---|
| 003 | OSt | ||
| 005 | 20221006150942.0 | ||
| 006 | a|||||r|||| 00| 0 | ||
| 007 | ta | ||
| 008 | 221006b |||||||| |||| 00| 0 jpn d | ||
| 020 | _cY2800 | ||
| 024 | _a20,336 | ||
| 037 |
_bGift, Japan Foundation _cTextual |
||
| 040 |
_aEASL _cEASL _bjpn |
||
| 041 |
_2jpn _ajpn |
||
| 082 | _aX3.42.N90, N1 | ||
| 100 |
_aYUSEISHO Ed. _9658010 |
||
| 245 | 0 | _aTsushin hakusho, 1991 | |
| 260 |
_aTokyo _bOkurasho _c1991 |
||
| 300 |
_a583p. _ccm. |
||
| 650 | _aJL | ||
| 942 |
_hX3.42.N90, N1 _cTEXL _2CC |
||
| 999 |
_c1088422 _d1088422 |
||